000 00413nam a22001577a 4500
999 _c8107
_d8107
003 GBCCL
005 20241126110643.0
008 190304b ||||| |||| 00| 0 eng d
040 _cgbc
082 _aVER 800
_bSUA
100 _aSuantak, Sumthanlian
_914130
245 _aLunggel thelnah tungpan :
_bthugelhte khilkhawm
260 _aChurachandpur :
_bVungsum suantak,
_c2018
300 _a184
942 _2ddc
_cBK
_02